| 000 | 00438nam a2200193Ia 4500 | ||
|---|---|---|---|
| 008 | 170918s9999 xx 000 0 und d | ||
| 020 | _a439063671 | ||
| 050 | _bW455 1973 | ||
| 100 | _aWells, Rosemary | ||
| 245 | _aNoisy Nora / | ||
| 245 | _cRosemary Wells. | ||
| 260 | _aNew York : | ||
| 260 | _bScholastic, | ||
| 260 | _c1973 | ||
| 300 | _aunpaged : | ||
| 300 | _bcolored illustration ; | ||
| 300 | _c27cm. | ||
| 500 | _a320 | ||
| 999 |
_c341162 _d341162 |
||